000 00370nam a2200133Ia 4500
008 230107s9999||||xx |||||||||||||| ||und||
020 _a0-393-01307-3
040 _cChuka University Library
050 _aHB 97.5
_bH45 1980
100 _aHeilbroner,Robert .L
_95095
245 0 _aMarxism:For and againist
260 _aW.W Norton and Company
_bNew york
_c1980
942 _cBK
999 _c9226
_d9226